Normal view
MARC view
- Edwards,Simon
Entry Personal Name
001 - CONTROL NUMBER
- control field: 6663
003 - CONTROL NUMBER IDENTIFIER
- control field: JO-AjAnu
005 - DATE AND TIME OF LATEST TRANSACTION
- control field: 20230606071359.0
008 - FIXED-LENGTH DATA ELEMENTS
- fixed length control field: 230606|| aca||aabn | a|a d
040 ## - CATALOGING SOURCE
- Original cataloging agency: JO-AjAnu
- Transcribing agency: JO-AjAnu
100 ## - HEADING--PERSONAL NAME
- Personal name: Edwards,Simon
670 ## - SOURCE DATA FOUND
- Source citation: Work cat.: (JO-AjAnu)3452: Edwards,Simon, author, Modern Cryptography for Beginners:A complete Guide to Discover history, Features ,Devlopments and Applications of Modern Crypography